000 00376nam a2200133Ia 4500
005 20260328104252.0
008 260328s9999||||xx |||||||||||||| ||und||
100 _aCalvera, Anna
245 0 _aDe lo Bello de las Cosas :
_b Materiales para una estética del Diseño /
_cAnna Calvera
260 _bGustavo Gili
300 _a222 p.
650 _aDISEÑO INDUSTRIAL
942 _cBK
999 _c10292
_d10292